| 000 | 00646nam a2200241Ia 4500 | ||
|---|---|---|---|
| 001 | 18230 | ||
| 003 | GE_BSU | ||
| 008 | 181216s||||||||xx |||||||||||||| ||und|| | ||
| 020 | _a9783468496660 | ||
| 040 | _cGE_BSU | ||
| 080 | _a811.112 | ||
| 100 | _aBernd, Kast. | ||
| 245 | _aFertigkeit Schreiben: Fernstudieneinheit 12 | ||
| 260 | _aBerlin | ||
| 260 | _blangenscheidt | ||
| 260 | _c1999 | ||
| 300 | _a232 pages,27cm | ||
| 541 | _h120gel. | ||
| 653 | _aFernstudienangebot,Germanistik .Deutsch als Fremdsprache | ||
| 653 | _aFertigkeit Schreiben: Fernstudieneinheit 12 | ||
| 653 | _aგერმანული ენა | ||
| 942 | _cBK | ||
| 999 |
_c51268 _d51268 |
||